Statistics for Birds A-Z

Click here to take the quiz!

General Stats

  • This quiz has been taken 24,618 times
  • The average score is 17 of 25

Answer Stats

Clue Bird % Correct
FPink wading birdFlamingo
96%
DDriven to extinction in the 1600'sDodo
92%
BNational animal of the U.S.Bald Eagle
92%
EFlightless bird of AustraliaEmu
90%
WPecks at tree trunks to find foodWoodpecker
89%
OLargest birdOstrich
89%
HHovering nectar-eaterHummingbird
89%
TGobble gobbleTurkey
89%
GA group of them is called a gaggleGoose
87%
VFamous scavengerVulture
86%
RLike a crow but largerRaven
86%
KNational animal of New ZealandKiwi
86%
SSupposedly delivers babiesStork
84%
QGame bird with tasty eggsQuail
83%
CLong-necked waterfowl
and origami subject
Crane
81%
PIts spectacular plumage
inspired NBC
Peafowl
78%
AIt's bad luck for a sailor to kill oneAlbatross
78%
ISacred to the ancient EgyptiansIbis
59%
MResembles a crow with black
and white plumage
Magpie
51%
LSongbird that does things
on a whim?
Lark
49%
NState bird of HawaiiNene
15%
UAmerican rainforest bird with a
large crest to keep it dry
Umbrellabird
12%
ZHas black and white stripes
and a bright red beak
Zebra Finch
11%
JWild bird from which
chickens were domesticated
Junglefowl
9%
YBird whose call sounds
like Beethoven's 5th
Yellowhammer
5%

Score Distribution

Percentile by Number Answered

Percent of People with Each Score

Your Score History

You have not taken this quiz